000 01020nam a2200289Ia 4500
001 Para_5720
003 CHAP
008 220125s2001 xx 000 0 und d
010 _a204150
040 _cCHAP
090 _aPA TESIS 1610
100 _aFranco Aguilar, Hugo Francisco
_942939
245 _aMaíces de alta calidad proteíca (MCP) :
_b susceptibilidad a Sitophilus zeamais (Motsch) en almacén /
_c por Hugo Francisco Franco Aguilar
260 _aChapingo, Méx. :
_b el autor
300 _a96 h. + anexos
502 _aTesis (Ing. Agr. Esp. en Parasitología Agrícola) -- UACh. Departamento Parasitología Agrícola
650 _aMaíz
_x almacenamiento
_x plagas
_970854
650 _aMaíz
_x variedades resistentes a plagas
_971083
710 _aUACh. Departamento Parasitología Agrícola
_9164025
901 _aPA TESIS 1610
902 _aA
905 _a0000002001 ain 0000000000 00
910 _a2001
942 _cPARA
942 _cPARA
_d1
999 _c204150
_d204150